| 000 | 00489nam a2200205Ia 4500 | ||
|---|---|---|---|
| 003 | OSt | ||
| 005 | 20251206111026.0 | ||
| 008 | 250729s2005 xx 000 0 und d | ||
| 020 | _a978-8171413607 | ||
| 040 | _cAL | ||
| 041 | _aeng | ||
| 082 | _a304.6 RAJP | ||
| 100 |
_aRaju Joseph B _9225961 |
||
| 245 | _aPopulation education | ||
| 260 |
_aNew Delhi _c2005 |
||
| 300 | _a379p | ||
| 650 |
_aPopulation Education _9225962 |
||
| 700 |
_aRao Digumurthi _9225963 |
||
| 942 |
_2ddc _cBED |
||
| 999 |
_c237133 _d237133 |
||